[Event "Novosibirsk Sept op"]
[Site "Novosibirsk"]
[Date "2010.09.06"]
[Round "1"]
[White "Ershov, Kirill"]
[Black "Likhomanov, Alexey"]
[Result "0-1"]
[WhiteElo "1866"]
[BlackElo "1866"]
[PlyCount "120"]
[EventDate "2010.09.06"]
[EventType "swiss"]
[EventRounds "9"]
[EventCountry "RUS"]
[SourceTitle "CBM 138 Extra"]
[Source "ChessBase"]
[SourceDate "2010.10.29"]
[SourceVersion "1"]
[SourceVersionDate "2010.10.29"]
[SourceQuality "1"]

1. e4 d6 2. d4 Nf6 3. Nc3 g6 4. Nf3 Bg7 5. Bg5 Bg4 6. Qd2 h6 7. Be3 c6 8. Bd3 Qa5 9. h3 Bxf3 10. gxf3 Nbd7 11. Ne2 Qxd2+ 12. Kxd2 e5 13. c3 0-0-0 14. a4 Rhe8 15. Kc2 Kb8 16. Rhd1 d5 17. Ng3 exd4 18. Bxd4 c5 19. Bxf6 Nxf6 20. exd5 Rxd5 21. Bc4 Rxd1 22. Rxd1 Re7 23. Rd2 Nd7 24. f4 Kc7 25. Re2 Rxe2+ 26. Nxe2 f6 27. Ng3 Bf8 28. Be6 Kd6 29. Bxd7 Kxd7 30. c4 Ke6 31. Kd3 Bd6 32. Ne4 Be7 33. Nc3 Kf5 34. Nd5 Bd6 35. Ke3 g5 36. fxg5 fxg5 37. Kf3 h5 38. b3 Ke5 39. Ke3 Kf5 40. Kf3 Bf4 41. Ne7+ Ke6 42. Nd5 Ke5 43. Ne7 Kd4 44. Nd5 Be5 45. Ke2 Ke4 46. f3+ Kd4 47. Kd2 Bf4+ 48. Ke2 h4 49. a5 a6 50. Nf6 Kc3 51. Ne4+ Kxb3 52. Nxc5+ Kxc4 53. Nxb7 Kb5 54. Kd3 Bc7 55. Ke4 Kc6 56. Kf5 Kxb7 57. Kxg5 Bd8+ 58. Kg6 Kc6 59. f4 Kd5 60. Kf5 Bxa5 0-1

[Event "Novosibirsk April op"]
[Site "Novosibirsk"]
[Date "2010.04.02"]
[Round "1"]
[White "Ershov, Kirill"]
[Black "Chuguev, Anton"]
[Result "0-1"]
[WhiteElo "1861"]
[BlackElo "2266"]
[PlyCount "140"]
[EventDate "2010.04.02"]
[EventType "swiss"]
[EventRounds "9"]
[EventCountry "RUS"]
[SourceTitle "EXT 2011"]
[Source "ChessBase"]
[SourceDate "2010.11.26"]
[SourceVersion "1"]
[SourceVersionDate "2010.11.26"]
[SourceQuality "1"]

1. e4 c6 2. c4 e5 3. Nf3 d6 4. d4 Nd7 5. Nc3 Ngf6 6. Be2 Be7 7. 0-0 0-0 8. Qc2 a6 9. Rd1 Qc7 10. a4 b6 11. Be3 Bb7 12. Rac1 Rfe8 13. d5 c5 14. h3 Nf8 15. Ne1 Ng6 16. Nd3 Bc8 17. b4 Bd7 18. bxc5 bxc5 19. Rb1 Rab8 20. Rxb8 Rxb8 21. Rb1 Rxb1+ 22. Qxb1 Qc8 23. Kh2 Ne8 24. Qb3 Bd8 25. Nb2 Ba5 26. Nbd1 Nf6 27. Bg5 Ne8 28. Be3 Nc7 29. Na2 Na8 30. Ndc3 Nb6 31. Bd1 Na8 32. Be2 h6 33. Bd1 Bd8 34. Nc1 Qc7 35. N1e2 Qb6 36. Qxb6 Nxb6 37. Bb3 f5 38. f3 Na8 39. Bd2 f4 40. Kg1 Nh8 41. Nd1 Nf7 42. Nb2 Bc7 43. Kf2 Nd8 44. Nc3 Nb7 45. Ke2 Ba5 46. Kd3 g5 47. Bd1 Kf7 48. Ne2 Nb6 49. Bxa5 Nxa5 50. Nc3 h5 51. Be2 g4 52. hxg4 hxg4 53. Bd1 Kg6 54. Ne2 Kg5 55. Kc3 Kh4 56. Kd3 gxf3 57. gxf3 Kh3 58. Nc3 Kg3 59. Nb1 Bh3 60. Nd2 Kf2 61. Kc2 Ke3 62. Kc3 Bg2 63. Kc2 Kd4 64. Be2 Bh3 65. Bd3 Bd7 66. Nb1 Nxa4 67. Nd1 Nxc4 68. Nbc3 Na3+ 69. Kd2 Nxc3 70. Nxc3 c4 0-1